CoSM the Movie: Alex Grey and the Chapel of Sacred Mirrors (Record no. 333124)
[ view plain ]
| 000 -LEADER | |
|---|---|
| fixed length control field | 00556nam a2200097Ia 4500 |
| 008 - FIXED-LENGTH DATA ELEMENTS--GENERAL INFORMATION | |
| fixed length control field | 170517s9999 xx 000 0 und d |
| 245 ## - TITLE STATEMENT | |
| Title | CoSM the Movie: Alex Grey and the Chapel of Sacred Mirrors |
| 300 ## - PHYSICAL DESCRIPTION | |
| Extent | CoSM The Movie is a magical new kind of documentary experience, leading audiences on an enriching and sense-heightening journey into the visionary art cosmos of world-renowned painter Alex Grey. Grey is our guide on a cinematic pilgrimage through the Chapel of Sacred... |
| 650 ## - SUBJECT ADDED ENTRY--TOPICAL TERM | |
| General subdivision | Art. |
| 856 ## - ELECTRONIC LOCATION AND ACCESS | |
| Uniform Resource Identifier | <a href="http://topdocumentaryfilms.com/cosm-the-movie/">http://topdocumentaryfilms.com/cosm-the-movie/</a> |
| Withdrawn status | Lost status | Damaged status | Home library | Current library | Date acquired | Total Checkouts | Date last seen | Price effective from | Koha item type |
|---|---|---|---|---|---|---|---|---|---|
| College Library | College Library | 05/17/2017 | 05/17/2017 | 05/17/2017 | Documentary Films |